000
00308cam a22001217a 4500
008
180718b-- xxu||||| |||| 00| 0 eng d
082
_a
A45:U61 NNP
100
_a
NEPA Limited
245
_a
Annual report
260
_a
Nepanagar
_b
The author
_c
--
500
_a
Library has 2002/03, 2010/11
650
_a
Newspapers
999
_c
501879
_d
501879